000 01069nam a22003257a 4500
003 CHAP
005 20220329141327.0
008 971013s1986 r 00010 d
010 _a66446
011 _a67418
035 _a76888
040 _cCHAP
090 _aFolleto 10558
100 0 0 _aLannen Project Co.
_964783
245 _aPlaneamiento y establecimiento de viveros compuestos para cultivo forestal, horticultura, agricultura especializada
260 _aSakyla, Finlandia :
_bLannen Project Co.,
_c[1986?]
300 _aHoja desplegable
_b: ilus.
500 _a28-56
590 _aBATCH-UPD
_b10
_c20130110
_lUCH01
_h0339
590 _aBATCH-UPD
_b10
_c20130110
_lUCH01
_h2244
590 _aBATCH-UPD
_b10
_c20130410
_lUCH01
_h1538
590 _aBATCH-UPD
_b10
_c20130914
_lUCH01
_h1714
590 _aCONVERSION
_b10
_c20130109
_lUCH01
_h1337
650 1 4 _aViveros forestales.
_9120100
650 1 4 _aViveros hortícolas.
_9120103
650 1 4 _aViveros.
_9120096
901 _aBK
942 _cFOLL
949 _aFolleto 10558
_bBC
_cFOLL
_d-29745
_eTS1
_i76888
_mD
_si
999 _c66446
_d66446